Normal view
MARC view
- تاليف: Wiedemer,John P / Joseph E.Goeters/ J.Edward Graham؛ ترجمة محمد داود عثمان
Entry Personal Name
001 - CONTROL NUMBER
- control field: 43243
003 - CONTROL NUMBER IDENTIFIER
- control field: JO-AjAnu
005 - DATE AND TIME OF LATEST TRANSACTION
- control field: 20230606081153.0
008 - FIXED-LENGTH DATA ELEMENTS
- fixed length control field: 230606|| aca||aabn | a|a d
040 ## - CATALOGING SOURCE
- Original cataloging agency: JO-AjAnu
- Transcribing agency: JO-AjAnu
100 ## - HEADING--PERSONAL NAME
- Personal name: تاليف: Wiedemer,John P / Joseph E.Goeters/ J.Edward Graham؛ ترجمة محمد داود عثمان
670 ## - SOURCE DATA FOUND
- Source citation: Work cat.: (JO-AjAnu)22145: تاليف: Wiedemer,John P / Joseph E.Goeters/ J.Edward Graham؛ ترجمة محمد داود عثمان, author, الاستثمار العقاري = Real Estate Investment